00732nam a2200205 a 450000100100000000500170001000800410002704000130006808200200008110000280010124500800012926000360020930000210024550000650026665000160033165000350034704900090038295201180039199900170050900001662620240516194749.0100308s1992 dr 000 0 spa d aDO-SdBNP a641.5882bB736c1 aBornia, Ligia de92213710aCocina en microondas, comida dominicana e internacional /cLigia de Bornia. aSanto Domingo :bTaller,c1992. a242 p. ;c24 cm. aIncluye datos biográficos de la autora en la contraportada 0aCocina9360 4aMicroondas en culinaria936930 aBNPD 0010718PDaPDbPDcCTd2010-03-08iLF1l0o641.5882 B736cp16626-10r2020-06-25w2020-06-25yLFPDZNo se presta c16159d16159